00545nam a2200181Ia 4500008004100000020000700041082001400048100002300062245003900085250000800124260003800132300001200170600002700182650002700209942000800236952010200244999001700346241115s9999 xx 000 0 und d aNA a681.2 CAR aCarstens, James R. 0aElectrical Sensors and Transducers a.NA aNew Jersey:bPrentice Hall,c1993 ax,498p. aElectrical Engineering aElectrical Engineering cBBD 001040708BB-ELaUITUbUITUd2003-10-10g152.50l0pBB679r2024-11-15 09:47:15w0000-00-00yBBD c25172d25172